000
00302nam a2200109 4500
999
_c
14020
_d
14020
008
190730b ||||| |||| 00| 0 eng d
245
_a
Labor force must step up.
260
_a
Philippines:
_b
The Philippine Star;
_c
c2019.
300
_a
page B4.
650
0
_9
39002
_a
Economic condition.
942
_2
ddc
_c
PER